[Event "LEM Nachwuchs M-V u16 08.-12.02.2020"]
[Site "Atrium Fleesenseeschule Malch"]
[Date "2020.02.10"]
[Round "4.7"]
[White "Tennigkeit, Paul"]
[Black "Böttner, Oliver"]
[Result "0-1"]
[WhiteElo "1511"]
[BlackElo "1574"]
[PlyCount "146"]
[EventDate "2020.??.??"]
[WhiteTeam "Lok Pritzwalk"]
[BlackTeam "HSG Stralsund"]

1. e4 c5 2. Nf3 g6 3. c3 Bg7 4. d4 cxd4 5. cxd4 d6 6. Bb5+ Bd7 7. Bxd7+ Nxd7 8.
Nc3 Ngf6 9. O-O O-O 10. Bf4 Nb6 11. h3 d5 12. e5 Nfd7 13. Qb3 e6 14. Rfe1 a6
15. Nd2 Qc7 16. Rac1 Qb8 17. Na4 Nxa4 18. Qxa4 b5 19. Qa5 f6 20. Nf3 fxe5 21.
Bxe5 Nxe5 22. Nxe5 Bxe5 23. Rxe5 Qd6 24. Qc7 Rfd8 25. Rc6 Qxc7 26. Rxc7 Re8 27.
f3 a5 28. Kf2 Rac8 29. Rxc8 Rxc8 30. Rxe6 Rc5 31. Ke3 Rc2 32. Re5 Rxg2 33. Rxd5
Rxb2 34. Re5 Kf7 35. d5 Rxa2 36. d6 Ra1 37. Ke2 Ra4 38. Kd3 Ra3+ 39. Kd4 Ra1
40. Rxb5 Rd1+ 41. Kc5 Ke6 42. Rb7 Rxd6 43. Rxh7 Rd5+ 44. Kc4 Rh5 45. Ra7 a4 46.
Kd3 Rxh3 47. Rxa4 Rxf3+ 48. Ke4 Rf5 49. Rb4 Kf6 50. Ra4 Kg5 51. Ra1 Rf4+ 52.
Ke5 Rg4 53. Rh1 Rg2 54. Ke4 Kg4 55. Ke3 Kg3 56. Rh6 g5 57. Rh5 g4 58. Rh8 Rh2
59. Rg8 Kh3 60. Rh8+ Kg2 61. Rg8 g3 62. Rg7 Rh3 63. Ke2 Rh4 64. Ke3 Kh2 65. Kf3
Rh3 66. Rg6 Rh7 67. Ra6 Rg7 68. Ke3 g2 69. Rh6+ Kg1 70. Ke2 Re7+ 71. Kf3 Kf1
72. Ra6 g1=Q 73. Ra1+ Re1 0-1

[Event "LEM Nachwuchs M-V u16 08.-12.02.2020"]
[Site "Atrium Fleesenseeschule Malch"]
[Date "2020.02.10"]
[Round "4.8"]
[White "Le, Tomab Linh"]
[Black "Quiram, Arne"]
[Result "0-1"]
[WhiteElo "1571"]
[BlackElo "1643"]
[PlyCount "40"]
[EventDate "2020.??.??"]
[WhiteTeam "SG Neubrandenburg"]
[BlackTeam "ESV Waren"]

1. e4 c5 2. Nf3 d6 3. d4 cxd4 4. Nxd4 Nc6 5. Nc3 g6 6. Be3 Bg7 7. Qd2 Nf6 8. f3
O-O 9. O-O-O Bd7 10. g4 Qc8 11. g5 Nh5 12. Be2 a6 13. Nd5 Qd8 14. Nxc6 Bxc6 15.
Bb6 Qd7 16. Be3 Bxd5 17. Qxd5 Be5 18. Qd2 Qa4 19. Kb1 Rac8 20. f4 Nxf4 0-1

[Event "LEM Nachwuchs M-V u16 08.-12.02.2020"]
[Site "Atrium Fleesenseeschule Malch"]
[Date "2020.02.10"]
[Round "4.9"]
[White "Avetyan, Manan"]
[Black "Engel, Benedikt"]
[Result "1-0"]
[WhiteElo "1356"]
[BlackElo "1194"]
[PlyCount "85"]
[EventDate "2020.??.??"]
[WhiteTeam "ASV Wismar"]
[BlackTeam "SC Mecklenburger Springer"]

1. e4 c5 2. Nf3 d6 3. d4 cxd4 4. Nxd4 a6 5. Nc3 Nf6 6. g3 e5 7. Nf3 Be7 8. Bg2
Be6 9. O-O O-O 10. h3 Qc7 11. Re1 b5 12. a3 Nbd7 13. Qe2 Rfb8 14. Bd2 Bc4 15.
Qd1 a5 16. b3 Be6 17. Nh4 Nc5 18. f4 b4 19. Nd5 Nxd5 20. exd5 Bd7 21. axb4 axb4
22. Rxa8 Rxa8 23. Bxb4 Na6 24. Ba3 f6 25. Kh2 Kf7 26. Rf1 Qa5 27. Qh5+ Kg8 28.
Bb2 Qa2 29. Ba1 Qxc2 30. fxe5 dxe5 31. Kg1 Nc5 32. Bxe5 Rf8 33. d6 fxe5 34.
dxe7 Rxf1+ 35. Bxf1 g6 36. Qxe5 Kf7 37. e8=Q+ Bxe8 38. Bc4+ Kf8 39. Qxc5+ Kg7
40. Qe7+ Kh6 41. Qf8+ Kg5 42. Nf3+ Kh5 43. g4# 1-0

[Event "LEM Nachwuchs M-V u16 08.-12.02.2020"]
[Site "Atrium Fleesenseeschule Malch"]
[Date "2020.02.10"]
[Round "4.10"]
[White "Johlke, Lorenz"]
[Black "Ahmed Ibrahim, Labed"]
[Result "1-0"]
[WhiteElo "1675"]
[BlackElo "1045"]
[PlyCount "113"]
[EventDate "2020.??.??"]
[WhiteTeam "SG Jasmund"]
[BlackTeam "SV Motor Wolgast"]

1. e4 c5 2. Nc3 Nc6 3. f4 e6 4. Nf3 Be7 5. Bb5 Qc7 6. Bxc6 Qxc6 7. Ne5 Qc7 8.
Qg4 g6 9. O-O Nf6 10. Qf3 d6 11. Ng4 Nxg4 12. Qxg4 Bd7 13. d3 O-O-O 14. Bd2
Rhg8 15. Qf3 Bc6 16. Ne2 f5 17. Qe3 fxe4 18. dxe4 h6 19. c4 e5 20. Nc3 exf4 21.
Qxf4 Bg5 22. Qf2 Bxd2 23. Qxd2 h5 24. Nd5 Bxd5 25. exd5 Rdf8 26. b3 Rxf1+ 27.
Rxf1 Qg7 28. Qf4 Kc7 29. Qf7+ Kb6 30. Qxg7 Rxg7 31. Rf6 Kc7 32. Kf2 Kd7 33. Kf3
Ke7 34. Re6+ Kd7 35. Kg3 g5 36. Rh6 h4+ 37. Kg4 Ke7 38. Kf5 a5 39. Re6+ Kd7 40.
Rg6 Rf7+ 41. Kxg5 Rf2 42. Kxh4 Rxa2 43. Rg7+ Kc8 44. Rg3 a4 45. bxa4 Rxa4 46.
Rg4 b5 47. cxb5 Rxg4+ 48. Kxg4 Kb7 49. h4 c4 50. Kf3 Kb6 51. h5 c3 52. Ke3 Kxb5
53. Kd3 Kb4 54. Kc2 Kc4 55. h6 Kxd5 56. h7 Kc4 57. h8=Q 1-0

[Event "LEM Nachwuchs M-V u16 08.-12.02.2020"]
[Site "Atrium Fleesenseeschule Malch"]
[Date "2020.02.11"]
[Round "5.1"]
[White "Troyke, Jannis"]
[Black "Fromm, Marius"]
[Result "0-1"]
[WhiteElo "1827"]
[BlackElo "2196"]
[PlyCount "126"]
[EventDate "2020.??.??"]
[WhiteTeam "Greifswalder SV"]
[BlackTeam "Greifswalder SV"]

1. e4 e5 2. Nf3 Nc6 3. Bb5 a6 4. Ba4 Nf6 5. O-O Be7 6. Re1 b5 7. Bb3 O-O 8. a4
Na5 9. Ba2 Bb7 10. d3 d6 11. Bd2 Nc6 12. Nc3 b4 13. Nd5 a5 14. c3 Rb8 15. Bc4
Nxd5 16. Bxd5 Qd7 17. Qc2 Ba6 18. d4 Bf6 19. Be3 Rfc8 20. Red1 bxc3 21. bxc3
exd4 22. Nxd4 Ne5 23. f4 Nc4 24. Bc6 Qe7 25. Bc1 Bb7 26. Nf5 Qf8 27. Bb5 Nb6
28. Ba3 Be7 29. e5 Rd8 30. Qa2 Bc8 31. exd6 Bxd6 32. Bxd6 cxd6 33. Nd4 Bd7 34.
Bxd7 Rxd7 35. Nc6 Ra8 36. Qf2 Nc8 37. Rd5 Ne7 38. Nxe7+ Qxe7 39. Qb6 h6 40.
Rad1 Rc8 41. R5d3 Qe4 42. Qxa5 Qxf4 43. Qb4 Rc4 44. Qb8+ Kh7 45. Qe8 Rb7 46.
Qe2 Rxa4 47. Rxd6 Re4 48. Qc2 f5 49. R6d3 Rbe7 50. Rf1 Qe5 51. Qf2 Rf7 52. Rd4
Rf6 53. Qd2 Rg6 54. Rxe4 Qxe4 55. Rf4 Rxg2+ 56. Qxg2 Qxf4 57. Qc2 Qe3+ 58. Kf1
Qf4+ 59. Kg1 Qg4+ 60. Kf1 Qc4+ 61. Ke1 Kg6 62. Qg2+ Kf6 63. Qh3 Qg4 0-1

[Event "LEM Nachwuchs M-V u16 08.-12.02.2020"]
[Site "Atrium Fleesenseeschule Malch"]
[Date "2020.02.11"]
[Round "5.2"]
[White "Johlke, Lukas"]
[Black "Kallweit, Paul"]
[Result "1-0"]
[WhiteElo "1608"]
[BlackElo "1832"]
[PlyCount "79"]
[EventDate "2020.??.??"]
[WhiteTeam "SG Jasmund"]
[BlackTeam "Greifswalder SV"]

1. e4 c5 2. Nf3 Nc6 3. Bb5 g6 4. O-O Bg7 5. c3 d6 6. d4 cxd4 7. cxd4 Bd7 8. Nc3
Nf6 9. Re1 O-O 10. Bg5 h6 11. Bxf6 Bxf6 12. e5 Bg7 13. a3 dxe5 14. dxe5 a6 15.
Bc4 Bg4 16. e6 f5 17. Be2 Bxc3 18. bxc3 Qc7 19. Qb3 Rfd8 20. h3 Bh5 21. Nh4
Bxe2 22. Rxe2 Kh7 23. Qc2 Qa5 24. g4 Rg8 25. gxf5 gxf5+ 26. Kf1 Raf8 27. Rd1
Rg5 28. Rd3 Rfg8 29. Ke1 Rg1+ 30. Kd2 Ne5 31. Rd4 Rf8 32. f4 Ng6 33. Nxg6 Rxg6
34. a4 Rff6 35. Qb3 Rg3 36. Rd7 Qc5 37. Rxb7 Rxh3 38. Qb4 Qd5+ 39. Kc1 Qd3 40.
Qxe7+ 1-0

[Event "LEM Nachwuchs M-V u16 08.-12.02.2020"]
[Site "Atrium Fleesenseeschule Malch"]
[Date "2020.02.11"]
[Round "5.3"]
[White "Breß, Aaron"]
[Black "Großmann, Piet"]
[Result "0-1"]
[WhiteElo "1793"]
[BlackElo "1818"]
[PlyCount "70"]
[EventDate "2020.??.??"]
[WhiteTeam "SAV Torgelow"]
[BlackTeam "SAV Torgelow"]

1. e4 e6 2. d4 d5 3. e5 c5 4. c3 Nc6 5. Nf3 Qb6 6. a3 c4 7. Nbd2 f6 8. Be2 fxe5
9. Nxe5 Nxe5 10. dxe5 Bc5 11. O-O Ne7 12. b4 cxb3 13. Nxb3 O-O 14. Nxc5 Qxc5
15. a4 Qxc3 16. Ba3 Rf7 17. Bd6 Qa5 18. Bb5 Qd8 19. Rc1 Nf5 20. Bb4 Bd7 21. Qd3
Bxb5 22. axb5 Rc7 23. f4 Rac8 24. Rxc7 Qxc7 25. g4 Qb6+ 26. Kh1 Ne3 27. Rg1 Rc4
28. Bd2 Re4 29. Qa3 Kf7 30. Qd3 Nc4 31. Bc1 Qf2 32. Rf1 Re1 33. Rxe1 Qxe1+ 34.
Kg2 Qxc1 35. Qxh7 Qxf4 0-1

[Event "LEM Nachwuchs M-V u16 08.-12.02.2020"]
[Site "Atrium Fleesenseeschule Malch"]
[Date "2020.02.11"]
[Round "5.4"]
[White "Wucherer, Sophie"]
[Black "Jenschke, Tim"]
[Result "1-0"]
[WhiteElo "1602"]
[BlackElo "1531"]
[PlyCount "117"]
[EventDate "2020.??.??"]
[WhiteTeam "Greifswalder SV"]
[BlackTeam "HSG Stralsund"]

1. d4 g6 2. c4 Bg7 3. g3 d6 4. Bg2 Nf6 5. Nc3 c6 6. Nf3 O-O 7. O-O Bg4 8. h3
Bxf3 9. Bxf3 d5 10. cxd5 cxd5 11. Qb3 Nc6 12. e3 Na5 13. Qb4 Rb8 14. Na4 b6 15.
b3 e6 16. Ba3 Re8 17. Qd2 Qd7 18. Kg2 Nc4 19. bxc4 Qxa4 20. Qb4 Qxb4 21. Bxb4
Red8 22. Rfc1 Bf8 23. Rab1 Bxb4 24. Rxb4 Rbc8 25. c5 Nd7 26. c6 Nf6 27. Be2 Rd6
28. Bb5 a6 29. Bxa6 Rcxc6 30. Rcb1 Rc2 31. a4 Ne4 32. Rf1 Ra2 33. Bb5 Nc3 34.
Rc1 Nxb5 35. axb5 Ra8 36. Rc6 Rad8 37. Rc7 R6d7 38. Rxd7 Rxd7 39. Ra4 Kg7 40.
Ra8 h6 41. Rc8 Kf6 42. Rc6 Rb7 43. g4 Kg5 44. Kg3 Kf6 45. f3 Ke7 46. e4 Rd7 47.
e5 Rb7 48. h4 f5 49. exf6+ Kxf6 50. Kf4 g5+ 51. hxg5+ hxg5+ 52. Kg3 Kg6 53. f4
gxf4+ 54. Kxf4 Kf6 55. g5+ Ke7 56. Ke5 Kf7 57. Rxe6 Re7 58. Rxe7+ Kxe7 59. Kxd5
1-0

[Event "LEM Nachwuchs M-V u16 08.-12.02.2020"]
[Site "Atrium Fleesenseeschule Malch"]
[Date "2020.02.11"]
[Round "5.5"]
[White "Marzisch, Darius"]
[Black "Quiram, Arne"]
[Result "1/2-1/2"]
[WhiteElo "1494"]
[BlackElo "1643"]
[PlyCount "72"]
[EventDate "2020.??.??"]
[WhiteTeam "SG Neubrandenburg"]
[BlackTeam "ESV Waren"]

1. e4 c5 2. Nf3 d6 3. d4 cxd4 4. Nxd4 Nc6 5. Nc3 Nf6 6. f3 g6 7. Be3 Bd7 8. Qd2
Bg7 9. O-O-O O-O 10. g4 h5 11. h3 Re8 12. Qg2 Nxd4 13. Bxd4 e5 14. Be3 Bc6 15.
Qd2 Bf8 16. Rg1 Kh7 17. Bg5 Be7 18. Bxf6 Bxf6 19. gxh5 gxh5 20. Qxd6 Bg5+ 21.
Kb1 Qxd6 22. Rxd6 Be3 23. Rg2 Rg8 24. Rxg8 Rxg8 25. Bc4 Bd4 26. a3 Bxc3 27.
bxc3 Rg3 28. Bxf7 Rxh3 29. Bd5 Bxd5 30. Rxd5 Kg6 31. Rxe5 Rxf3 32. Kc1 h4 33.
Re8 Kg7 34. Re7+ Rf7 35. Re5 Kg6 36. Re6+ Rf6 1/2-1/2

[Event "LEM Nachwuchs M-V u16 08.-12.02.2020"]
[Site "Atrium Fleesenseeschule Malch"]
[Date "2020.02.11"]
[Round "5.6"]
[White "Böttner, Oliver"]
[Black "Avetyan, Manan"]
[Result "1-0"]
[WhiteElo "1574"]
[BlackElo "1356"]
[PlyCount "75"]
[EventDate "2020.??.??"]
[WhiteTeam "HSG Stralsund"]
[BlackTeam "ASV Wismar"]

1. e4 e5 2. Nf3 Nc6 3. Bb5 Nge7 4. c3 g6 5. d4 exd4 6. cxd4 d5 7. exd5 Nxd5 8.
Bxc6+ bxc6 9. O-O Bg7 10. Re1+ Ne7 11. Qe2 h6 12. Nc3 Be6 13. Be3 O-O 14. Rac1
Kh7 15. b3 Re8 16. h3 Nf5 17. Qd2 Rb8 18. Red1 Nh4 19. Ne5 Qf6 20. Ne4 Qd8 21.
g3 Bxe5 22. gxh4 Qxh4 23. dxe5 Qxe4 24. Qd4 Qf3 25. Qh4 Qxh3 26. Qxh3 Bxh3 27.
Rxc6 Rb7 28. Bf4 g5 29. Bg3 Re6 30. Rdc1 Rxc6 31. Rxc6 Kg7 32. f4 Bf5 33. fxg5
hxg5 34. Bf2 Bb1 35. Ra6 Rb5 36. Rxa7 Rxe5 37. Bd4 Kf6 38. Ra5 1-0

[Event "LEM Nachwuchs M-V u16 08.-12.02.2020"]
[Site "Atrium Fleesenseeschule Malch"]
[Date "2020.02.11"]
[Round "5.7"]
[White "Röste, Hugo"]
[Black "Kruse, Johannes"]
[Result "1/2-1/2"]
[WhiteElo "1573"]
[BlackElo "1454"]
[PlyCount "83"]
[EventDate "2020.??.??"]
[WhiteTeam "TuS Makkabi Rostock"]
[BlackTeam "ESV Waren"]

1. d4 Nf6 2. c4 g6 3. Nc3 Bg7 4. e4 d6 5. f3 O-O 6. Be3 e5 7. d5 c5 8. Qd2 Nbd7
9. O-O-O Nb6 10. g4 Bd7 11. Bd3 Nc8 12. h4 a6 13. h5 Qe7 14. Bg5 Qe8 15. Qh2
Qe7 16. Qd2 Qe8 17. Bh6 Bxh6 18. Qxh6 Qe7 19. Nh3 Kh8 20. Ng5 Rg8 21. hxg6 Rxg6
22. Qh4 Rg7 23. Nh3 Ng8 24. Qxe7 Ncxe7 25. Nf2 Ng6 26. Ne2 N8e7 27. Bc2 b5 28.
b3 bxc4 29. bxc4 Rb8 30. Kd2 Rb2 31. Kc3 Rxa2 32. Ra1 Rxa1 33. Rxa1 Bc8 34. Rb1
Nh4 35. Ng1 Rg8 36. Ba4 Rd8 37. Rb6 Kg7 38. Nh1 Kf6 39. Ng3 Kg5 40. Nh3+ Kg6
41. Ng1 Kg5 42. Nh3+ 1/2-1/2

[Event "LEM Nachwuchs M-V u16 08.-12.02.2020"]
[Site "Atrium Fleesenseeschule Malch"]
[Date "2020.02.11"]
[Round "5.8"]
[White "Le, Tomab Linh"]
[Black "Johlke, Lorenz"]
[Result "1/2-1/2"]
[WhiteElo "1571"]
[BlackElo "1675"]
[PlyCount "76"]
[EventDate "2020.??.??"]
[WhiteTeam "SG Neubrandenburg"]
[BlackTeam "SG Jasmund"]

1. e4 e6 2. d4 d5 3. exd5 exd5 4. Bf4 Bd6 5. Bxd6 Qxd6 6. a3 Nf6 7. Be2 O-O 8.
Nf3 Bg4 9. O-O Nbd7 10. Nbd2 Nh5 11. Ne5 Bxe2 12. Qxe2 Nf4 13. Qf3 Ne6 14. Nxd7
Qxd7 15. c3 c6 16. b4 Rfe8 17. Qg4 Nf8 18. Qxd7 Nxd7 19. Rfe1 Kf8 20. a4 Rxe1+
21. Rxe1 Re8 22. Kf1 Rxe1+ 23. Kxe1 Nb6 24. a5 Nc8 25. Ke2 Ke7 26. Ke3 Nd6 27.
Kf4 f6 28. g4 g5+ 29. Ke3 f5 30. f3 f4+ 31. Kd3 b5 32. axb6 axb6 33. Kc2 Ke6
34. Kd3 b5 35. Ke2 Kf6 36. Kd3 Kg6 37. Ke2 h5 38. h3 hxg4 1/2-1/2

[Event "LEM Nachwuchs M-V u16 08.-12.02.2020"]
[Site "Atrium Fleesenseeschule Malch"]
[Date "2020.02.11"]
[Round "5.9"]
[White "Focke, Yannick"]
[Black "Tennigkeit, Paul"]
[Result "1/2-1/2"]
[WhiteElo "1508"]
[BlackElo "1511"]
[PlyCount "49"]
[EventDate "2020.??.??"]
[WhiteTeam "SF Schwerin"]
[BlackTeam "Lok Pritzwalk"]

1. e4 e5 2. Nf3 Nc6 3. d4 exd4 4. Nxd4 Nf6 5. Nxc6 bxc6 6. e5 Ng8 7. Bc4 d5 8.
exd6 Bxd6 9. Qf3 Qe7+ 10. Be3 Bd7 11. O-O Nf6 12. Nc3 O-O 13. Rfe1 Qd8 14. Bg5
h6 15. Bxf6 Qxf6 16. Qxf6 gxf6 17. Rad1 Bf5 18. Bd3 Bxd3 19. Rxd3 Rfe8 20. Rde3
Rxe3 21. Rxe3 Rb8 22. b3 Be5 23. Ne4 Kf8 24. Kf1 Ke7 25. Ke2 1/2-1/2

[Event "LEM Nachwuchs M-V u16 08.-12.02.2020"]
[Site "Atrium Fleesenseeschule Malch"]
[Date "2020.02.11"]
[Round "5.10"]
[White "Ahmed Ibrahim, Labed"]
[Black "Engel, Benedikt"]
[Result "0-1"]
[WhiteElo "1045"]
[BlackElo "1194"]
[PlyCount "120"]
[EventDate "2020.??.??"]
[WhiteTeam "SV Motor Wolgast"]
[BlackTeam "SC Mecklenburger Springer"]

1. d4 d5 2. c4 e5 3. dxe5 d4 4. Nf3 Nc6 5. e3 Bb4+ 6. Bd2 dxe3 7. fxe3 Bg4 8.
Be2 Bxf3 9. Bxf3 Bxd2+ 10. Nxd2 Nxe5 11. Bxb7 Rb8 12. Qa4+ Nd7 13. Qxa7 Ngf6
14. b3 O-O 15. Bf3 Re8 16. Qd4 Qe7 17. Kf2 Rbd8 18. Qc3 Ne5 19. Rhe1 Nd3+ 20.
Kg1 Nxe1 21. Rxe1 Qd6 22. Re2 h6 23. a4 c5 24. Nf1 Qc7 25. e4 Rd4 26. Ng3 Rd1+
27. Re1 Rxe1+ 28. Qxe1 Qe5 29. b4 Qd4+ 30. Qf2 Qxc4 31. Qxc5 Qxc5+ 32. bxc5 Re5
33. c6 Rc5 34. e5 Rxe5 35. c7 Rc5 36. Ne4 Nxe4 37. Bxe4 Rxc7 38. Kf2 Rc4 39.
Bf3 Rxa4 40. Kg3 Kf8 41. h3 Ke7 42. h4 Kf6 43. Kh3 g5 44. h5 Kf5 45. Kg3 Rb4
46. Be2 Rb3+ 47. Kf2 Kf4 48. Bc4 Rb2+ 49. Be2 f6 50. g3+ Ke4 51. g4 Kf4 52. Kf1
Kg3 53. Ke1 Rxe2+ 54. Kxe2 Kxg4 55. Kf2 f5 56. Kg2 Kxh5 57. Kg1 Kh4 58. Kh2 f4
59. Kg2 g4 60. Kh2 g3+ 0-1

[Event "LEM Nachwuchs M-V u16 08.-12.02.2020"]
[Site "Atrium Fleesenseeschule Malch"]
[Date "2020.02.11"]
[Round "6.1"]
[White "Fromm, Marius"]
[Black "Großmann, Piet"]
[Result "1-0"]
[WhiteElo "2196"]
[BlackElo "1818"]
[PlyCount "69"]
[EventDate "2020.??.??"]
[WhiteTeam "Greifswalder SV"]
[BlackTeam "SAV Torgelow"]

1. Nf3 e6 2. c4 Nf6 3. g3 Be7 4. Bg2 O-O 5. O-O d5 6. d4 dxc4 7. Qc2 a6 8. a4
Nc6 9. Rd1 Nb4 10. Qxc4 b5 11. Qb3 Bb7 12. Nc3 Bd5 13. Nxd5 Qxd5 14. Qxd5 Nfxd5
15. Bd2 bxa4 16. Rxa4 Rab8 17. Ne5 Rfe8 18. Rc1 Bd6 19. e4 Nf6 20. Rc4 c5 21.
dxc5 Bxe5 22. Rcxb4 Bxb2 23. Rxa6 Rxb4 24. Bxb4 h6 25. c6 Rc8 26. f4 Ng4 27.
Bc5 Bc1 28. e5 Be3+ 29. Bxe3 Nxe3 30. Kf2 Ng4+ 31. Ke2 Nxh2 32. Kd3 Kf8 33. Kc4
Ng4 34. Kc5 Ke7 35. Ra7+ 1-0

[Event "LEM Nachwuchs M-V u16 08.-12.02.2020"]
[Site "Atrium Fleesenseeschule Malch"]
[Date "2020.02.11"]
[Round "6.2"]
[White "Troyke, Jannis"]
[Black "Johlke, Lukas"]
[Result "1-0"]
[WhiteElo "1827"]
[BlackElo "1608"]
[PlyCount "151"]
[EventDate "2020.??.??"]
[WhiteTeam "Greifswalder SV"]
[BlackTeam "SG Jasmund"]

1. e4 e5 2. Nf3 Nc6 3. Bb5 a6 4. Ba4 b5 5. Bb3 Be7 6. O-O Nf6 7. Re1 O-O 8. a4
Rb8 9. axb5 axb5 10. c3 h6 11. d4 exd4 12. e5 Nh7 13. cxd4 d5 14. Nc3 Bb4 15.
Qd3 Re8 16. Re2 Bg4 17. Bxd5 Bxf3 18. Bxf7+ Kh8 19. gxf3 Nxe5 20. Qf5 Nxf7 21.
Qxf7 Rxe2 22. Nxe2 Ng5 23. Qb3 Bd6 24. Bxg5 Qxg5+ 25. Ng3 Qf4 26. Qe3 Rf8 27.
Kg2 Qf6 28. Ra5 b4 29. Qe4 Qd8 30. Rf5 Rxf5 31. Nxf5 Qg5+ 32. Qg4 Qf6 33. Ne3
Qf4 34. h3 Qh2+ 35. Kf1 Qh1+ 36. Ke2 Qb1 37. Qc8+ Kh7 38. Qf5+ Qxf5 39. Nxf5
Kg6 40. Nxd6 cxd6 41. Kd3 d5 42. Kc2 Kg5 43. Kb3 Kh4 44. Kxb4 Kxh3 45. Kc5 Kg2
46. b4 h5 47. b5 h4 48. b6 h3 49. b7 h2 50. b8=Q h1=Q 51. Qg3+ Kf1 52. Kxd5
Qh5+ 53. Ke4 Qh7+ 54. Ke3 Qh6+ 55. Kd3 Qa6+ 56. Ke4 Qb7+ 57. d5 Qb4+ 58. Kf5
Qf8+ 59. Ke6 Qf6+ 60. Kd7 Qf7+ 61. Kc6 Qe8+ 62. Kc5 Qc8+ 63. Kd4 Qb7 64. d6
Qb4+ 65. Ke5 Qb5+ 66. Kf4 Qc4+ 67. Kg5 Qd5+ 68. Kg6 Qd4 69. Qh3+ Kxf2 70. d7
Qf6+ 71. Kh7 g5 72. Qg4 Qf7+ 73. Kh6 Qf8+ 74. Kxg5 Qg7+ 75. Kf4 Qf6+ 76. Ke4
1-0

[Event "LEM Nachwuchs M-V u16 08.-12.02.2020"]
[Site "Atrium Fleesenseeschule Malch"]
[Date "2020.02.11"]
[Round "6.3"]
[White "Kallweit, Paul"]
[Black "Wucherer, Sophie"]
[Result "1-0"]
[WhiteElo "1832"]
[BlackElo "1602"]
[PlyCount "99"]
[EventDate "2020.??.??"]
[WhiteTeam "Greifswalder SV"]
[BlackTeam "Greifswalder SV"]

1. d4 Nf6 2. c4 c5 3. d5 b5 4. cxb5 a6 5. f3 d6 6. e4 g6 7. Na3 Bg7 8. Ne2 O-O
9. Nc3 Nfd7 10. Be3 Ne5 11. Be2 axb5 12. Naxb5 Na6 13. O-O Nc7 14. a4 Nxb5 15.
axb5 Rxa1 16. Qxa1 Bb7 17. Qa7 Qd7 18. Qa2 Ra8 19. Qb1 Qc7 20. Qc2 Nd7 21. Rc1
Qa5 22. Qb3 Nb6 23. Kf2 Bc8 24. g3 f5 25. exf5 Bxf5 26. Bg5 Bd4+ 27. Kg2 Nc8
28. b6 Nxb6 29. Qb5 Qa7 30. g4 Bd7 31. Qd3 Re8 32. Nb5 Bxb5 33. Qxb5 Qb8 34.
Qb3 Qa7 35. Qd3 Bf6 36. Bh6 Rb8 37. b3 Qb7 38. Qe4 Ra8 39. Kg3 Qd7 40. Bc4 Nxc4
41. bxc4 Ra3 42. Rb1 Ra8 43. Re1 Ra7 44. Rb1 Ra8 45. Bf4 Kf8 46. h4 Kg8 47. g5
Bd4 48. h5 Qe8 49. Rb7 gxh5 50. Rxe7 1-0

[Event "LEM Nachwuchs M-V u16 08.-12.02.2020"]
[Site "Atrium Fleesenseeschule Malch"]
[Date "2020.02.11"]
[Round "6.4"]
[White "Böttner, Oliver"]
[Black "Breß, Aaron"]
[Result "0-1"]
[WhiteElo "1574"]
[BlackElo "1793"]
[PlyCount "140"]
[EventDate "2020.??.??"]
[WhiteTeam "HSG Stralsund"]
[BlackTeam "SAV Torgelow"]

1. e4 c5 2. Nf3 e6 3. d4 cxd4 4. Nxd4 a6 5. Bd3 Qc7 6. O-O Nf6 7. Nc3 b5 8. a3
Bb7 9. Qe2 d6 10. Bd2 Be7 11. Rac1 O-O 12. Na2 Nc6 13. Nxc6 Bxc6 14. Nb4 Bd7
15. c4 Qb7 16. cxb5 axb5 17. Rc2 Rfc8 18. Rfc1 Rc5 19. f3 Rac8 20. Be3 Rxc2 21.
Rxc2 Rxc2 22. Nxc2 Ne8 23. Kf1 Nc7 24. Bd2 Bf6 25. b3 Qa7 26. Be3 Qb7 27. Bd4
e5 28. Bc3 Ne6 29. g3 Nc5 30. Na1 Qb6 31. Kg2 h5 32. Bb4 Na6 33. Bd2 Nc5 34.
Be3 Qb7 35. b4 Nxd3 36. Qxd3 Qc8 37. Qxd6 Bh3+ 38. Kf2 Qc3 39. Qd1 Qxa3 40. Nc2
Qb3 41. Bc5 Bg5 42. Bd6 Qc3 43. Bc5 Be6 44. Ne1 Bd2 45. Ng2 Qb2 46. Kg1 Bb3 47.
Qe2 Bc4 48. Qd1 Bxb4 49. Bxb4 Qxb4 50. Ne3 Qc5 51. Kf2 Be6 52. Qc2 Qd4 53. Ke2
b4 54. Qd2 Qc5 55. Qb2 b3 56. Kd2 Qa5+ 57. Kd1 Qc5 58. Kd2 Qd6+ 59. Kc1 Qd3 60.
Qf2 Qd4 61. Nd1 Qa1+ 62. Kd2 b2 63. Nxb2 Qxb2+ 64. Ke1 Qxf2+ 65. Kxf2 f6 66. h4
Kf7 67. Ke3 g6 68. f4 exf4+ 69. Kxf4 Bg4 70. e5 Ke6 0-1

[Event "LEM Nachwuchs M-V u16 08.-12.02.2020"]
[Site "Atrium Fleesenseeschule Malch"]
[Date "2020.02.11"]
[Round "6.5"]
[White "Kruse, Johannes"]
[Black "Marzisch, Darius"]
[Result "1/2-1/2"]
[WhiteElo "1454"]
[BlackElo "1494"]
[PlyCount "37"]
[EventDate "2020.??.??"]
[WhiteTeam "ESV Waren"]
[BlackTeam "SG Neubrandenburg"]

1. e4 e6 2. d4 b6 3. Nc3 Bb7 4. Nf3 Nf6 5. Bd3 d5 6. exd5 Nxd5 7. Nxd5 Bxd5 8.
c4 Bb7 9. O-O Be7 10. Be3 Nd7 11. Qe2 O-O 12. Rfd1 c6 13. Rac1 Nf6 14. Ne5 Qc7
15. Bf4 Qc8 16. Nf3 Rd8 17. Rc2 Bd6 18. Bxd6 Rxd6 19. c5 1/2-1/2

[Event "LEM Nachwuchs M-V u16 08.-12.02.2020"]
[Site "?"]
[Date "2020.02.11"]
[Round "6.6"]
[White "Quiram, Arne"]
[Black "Avetyan, Manan"]
[Result "1-0"]
[WhiteElo "1643"]
[BlackElo "1356"]
[PlyCount "109"]
[EventDate "2020.??.??"]
[WhiteTeam "ESV Waren"]
[BlackTeam "ASV Wismar"]

1. e4 e5 2. Nc3 Nc6 3. f4 exf4 4. Nf3 g5 5. h4 g4 6. Ng1 h5 7. d4 Bh6 8. d5 Ne5
9. d6 cxd6 10. Qxd6 Qf6 11. Qb4 Ne7 12. Bd2 O-O 13. O-O-O Rd8 14. Kb1 d5 15.
Bd3 Rd6 16. exd5 Nxd5 17. Nxd5 Rxd5 18. Bh7+ Kh8 19. Be4 Rd7 20. Ne2 a5 21. Qc3
Ra6 22. Qxc8+ Kg7 23. Bc3 Rxd1+ 24. Rxd1 Rd6 25. Rxd6 Qxd6 26. Bxe5+ Qxe5 27.
Qc3 Qxc3 28. bxc3 b6 29. Nd4 Kf6 30. Kb2 Ke5 31. Bc6 Bf8 32. Kb3 Be7 33. Be8
Kf6 34. a4 Kg6 35. Ne2 f3 36. gxf3 gxf3 37. Nf4+ Kf5 38. Nd3 Bxh4 39. Bb5 f2
40. Nb2 Bg3 41. Bf1 Kg4 42. Kc4 h4 43. Kd3 Kf3 44. Bh3 Bh2 45. Nc4 f6 46. Nxb6
Be5 47. Nc4 Kg3 48. Bf1 h3 49. Ne3 h2 50. Bg2 f5 51. Bh1 Kf4 52. Nf1 Kg4 53. c4
Bg3 54. c5 Kg5 55. Nxg3 1-0

[Event "LEM Nachwuchs M-V u16 08.-12.02.2020"]
[Site "Atrium Fleesenseeschule Malch"]
[Date "2020.02.11"]
[Round "6.7"]
[White "Johlke, Lorenz"]
[Black "Röste, Hugo"]
[Result "1/2-1/2"]
[WhiteElo "1675"]
[BlackElo "1573"]
[PlyCount "84"]
[EventDate "2020.??.??"]
[WhiteTeam "SG Jasmund"]
[BlackTeam "TuS Makkabi Rostock"]

1. e4 c5 2. Nc3 e6 3. f4 a6 4. Nf3 Qc7 5. g3 Nc6 6. Bg2 Nge7 7. d3 g6 8. Bd2
Bg7 9. O-O O-O 10. a4 Rb8 11. Kh1 d5 12. e5 d4 13. Ne4 b6 14. c4 Bb7 15. Nd6
Ba8 16. Qe2 Nf5 17. Nxf5 exf5 18. Rfe1 Rfe8 19. Qf2 Nd8 20. b3 Ne6 21. Kg1 f6
22. Re2 fxe5 23. Nxe5 Bxg2 24. Qxg2 Bxe5 25. fxe5 Qb7 26. Rae1 Qxg2+ 27. Kxg2
Re7 28. b4 Kg7 29. Ra1 Reb7 30. b5 a5 31. Rf1 Rf7 32. Ref2 Rbf8 33. h3 g5 34.
Rh1 h6 35. h4 Rh8 36. hxg5 hxg5 37. Rxh8 Kxh8 38. g4 f4 39. Kf3 Kg7 40. Ke4 Nc7
41. Rh2 Kg6 42. Be1 Rf8 1/2-1/2

[Event "LEM Nachwuchs M-V u16 08.-12.02.2020"]
[Site "Atrium Fleesenseeschule Malch"]
[Date "2020.02.11"]
[Round "6.8"]
[White "Jenschke, Tim"]
[Black "Focke, Yannick"]
[Result "1-0"]
[WhiteElo "1531"]
[BlackElo "1508"]
[PlyCount "75"]
[EventDate "2020.??.??"]
[WhiteTeam "HSG Stralsund"]
[BlackTeam "SF Schwerin"]

1. d4 d5 2. Nf3 e6 3. g3 Nf6 4. Bg2 Be7 5. Nbd2 O-O 6. b3 c5 7. e3 b6 8. O-O
Bb7 9. Bb2 Nc6 10. a3 Rc8 11. Re1 Qc7 12. dxc5 bxc5 13. c4 Rfd8 14. Qc2 Nb8 15.
Rad1 Nbd7 16. Ng5 h6 17. Nh3 Nb6 18. f4 dxc4 19. Nxc4 Nxc4 20. Qxc4 Bxg2 21.
Kxg2 Qc6+ 22. Kg1 Ne4 23. Nf2 Bf6 24. Bxf6 Nxf6 25. Rxd8+ Rxd8 26. Qc3 Nd5 27.
Qc2 a5 28. Nd3 Rc8 29. Ne5 Qc7 30. e4 Nb6 31. Rd1 Kf8 32. Qd2 Na8 33. Qd7 Qxd7
34. Rxd7 f6 35. Ng6+ Kg8 36. Ne7+ Kf8 37. Nxc8 Ke8 38. Ra7 1-0